| 000 | 00539nam a22001937a 4500 | ||
|---|---|---|---|
| 003 | CEME | ||
| 005 | 20210628203313.0 | ||
| 008 | 210302b xxu||||| |||| 00| 0 eng d | ||
| 020 | _a0-07-006341-9 | ||
| 040 | _c. | ||
| 082 | _a512.1 BAR | ||
| 100 |
_aBarnett, Raymond A, Ziegler, Michael R, Byleem,K.E _964595 |
||
| 245 | _aPrecalculus funtion and graphs | ||
| 250 | _a4TH | ||
| 260 |
_aBOSTON _bMCGRAW HILL _c1999 |
||
| 300 | _aXIII,1200P | ||
| 650 |
_aFUNCTION, ALGEBRA GRAPHIC METHODS,CALCULUS , GRAPHS _964596 |
||
| 942 |
_cBK _2ddc |
||
| 999 |
_c573037 _d573037 |
||